00395nam a2200121Ia 4500003000400000005001700004008004100021040001800062041000800080100005900088245009400147260003200241OSt20260226095516.0211028s2019 xx 000 0 und d cAIMIT LIBRARY aeng aChandrashekar, Kumar; Mascarenhas, Deepika M.g1716091 aFinancial statement analysis: a case study with reference to electrical point Mangalore / aMangalorebBeena Diasc2019